00000000nam 2200000zi 4500
0019.897970
003CaOODSP
00520221107174725
006m     o  d f      
007cr cn|||||||||
008210325t20212021onca    o    f000 0 eng d
020 |a9780660381459
040 |aCaOODSP|beng|erda|cCaOODSP
043 |an-cn---
0861 |aNR16-346/2021E-PDF
24500|aMining technology innovation : |benhancing productivity and environmental performance.
264 1|a[Ottawa] : |bNational Research Council Canada = Conseil national de recherches Canada, |c[2021]
264 4|c©2021
300 |a1 online resource (2 unnumbered pages) : |bcolour illustrations
336 |atext|btxt|2rdacontent
337 |acomputer|bc|2rdamedia
338 |aonline resource|bcr|2rdacarrier
500 |aIssued also in French under title: Technologies minières innovantes : vers une productivité supérieure et une empreinte environnementale plus légère.
61020|aNational Research Council Canada|xResearch.
650 0|aMineral industries|xTechnological innovations|zCanada.
7102 |aNational Research Council Canada, |eissuing body.
77508|tTechnologies minières innovantes : |w(CaOODSP)9.897973
7760#|tMining technology innovation : |w(CaOODSP)9.897971
85640|qPDF|s411 KB|uhttps://publications.gc.ca/collections/collection_2021/cnrc-nrc/NR16-346-2021-eng.pdf